| 000 | 00534nam a22002057a 4500 | ||
|---|---|---|---|
| 003 | UUm | ||
| 005 | 20140310181729.0 | ||
| 008 | 130311t xxu||||| |||| 00| 0 eng d | ||
| 020 | _a0571058086 | ||
| 050 |
_aPR 6003 _b.B396 2000 |
||
| 082 |
_aIB 842.914 _b B38 2000 |
||
| 245 |
_aWaiting for godot _ba tragicomedy in two acts _cSamuel Beckett |
||
| 260 |
_aLondon _bFaber and Faber _c1965 |
||
| 300 |
_a93 p. _c20cm. |
||
| 521 | _aIB students | ||
| 526 | _c1070L-1220L | ||
| 541 | _j1 | ||
| 562 | _e1 | ||
| 942 |
_2lcc _cIB _kIB |
||
| 999 |
_c2326 _d2326 |
||